000 00530cam a22002171 4500
001 sa 68018463
003 DLC
005 20260227112712.0
008 890530s1965 ii 000 0 urdr
010 _asa 68018463
035 _a(OCoLC)19782620
040 _aDLC
_cWaU
_dDLC
042 _apremarc
050 0 0 _aPK1979
_b.A2
100 0 _aAbdul Majid,
_d1892-1977.
245 1 0 _aJadīd ʻilm al-ʻarūz̤.
260 _c1965
300 _a4, 98 p.
_c19 cm.
500 _aIn Urdu.
650 0 _aUrdu language
_xVersification.
999 _c88441
_d88441